Image Word Wheel IV Quiz Stats

 Plays Quiz Updated Sep 3, 2016

Score 0/13 Timer 02:00
7 Plays Today
% Correct
CLOCK
99.3%
PLANE
99%
PLATE
98.8%
BLACK
97.5%
BLOCK
97.3%
CRACK
96%
PLANK
95.8%
BLANK
94.2%
CRATE
93.4%
CRANE
92%
CRANK
90.4%
CROCK
88.7%
PRATE
80.2%

You're not logged in!

Compare scores with friends on all Sporcle quizzes.
OR
Log In

You Might Also Like...

Show Comments

Extras

Top Quizzes Today


Score Distribution

Your Account Isn't Verified!

In order to create a playlist on Sporcle, you need to verify the email address you used during registration. Go to your Sporcle Settings to finish the process.

Report this User

Report this user for behavior that violates our Community Guidelines.

Details: